[Event "Copa Latinoamericana de Ajedrez 2011"]
[Site "Montevideo URU"]
[Date "2011.11.04"]
[Round "5.73"]
[White "De Mello, Rodrigo"]
[Black "Tregarthen, Emiliano"]
[Result "0-1"]
[WhiteElo "1832"]
[BlackElo "2051"]
[PlyCount "132"]
[EventDate "2011.11.01"]
[EventType "swiss"]
[EventRounds "9"]
[EventCountry "URU"]
[Source "lmi"]
[SourceDate "2011.11.01"]

1. d4 Nf6 2. Nf3 e6 3. Bf4 c5 4. c3 Nc6 5. e3 b6 6. Nbd2 Bb7 7. Rc1 d6 8. Bd3
Be7 9. Bb1 Rc8 10. h3 O-O 11. O-O Qc7 12. Ne4 Nd5 13. dxc5 bxc5 14. Bxd6 Bxd6
15. Nxd6 Qxd6 16. c4 g6 17. e4 Nce7 18. cxd5 exd5 19. exd5 Rfd8 20. Re1 Nxd5
21. Be4 Qf6 22. Qb3 Ba8 23. Rcd1 c4 24. Qb5 Qb6 25. Qxb6 axb6 26. a3 c3 27.
bxc3 Nxc3 28. Rxd8+ Rxd8 29. Bxa8 Rxa8 30. Re7 Rxa3 31. Rb7 b5 32. Nd4 Ra1+ 33.
Kh2 Rb1 34. Rc7 Ne4 35. f3 Nd2 36. Rb7 b4 37. Kg3 b3 38. Kf2 b2 39. Ke2 Nc4 40.
Kd3 Rc1 41. Nc2 Ne5+ 42. Ke4 Nc4 43. Kd3 b1=Q 44. Rxb1 Rxb1 45. Kxc4 Kg7 46.
Kd3 f5 47. Ne3 Rg1 48. f4 Ra1 49. Ke2 Kf6 50. Kf3 Ke6 51. Nc2 Rd1 52. Ne3 Rd8
53. g4 Rd3 54. Ke2 Ra3 55. Kf3 Ra8 56. Kg3 Rf8 57. Kf3 Kd6 58. Kg3 Kc5 59. gxf5
gxf5 60. Kf3 Kd4 61. Nc2+ Kc3 62. Ne3 Kd3 63. Nf1 h5 64. h4 Re8 65. Ng3 Re3+
66. Kg2 Rxg3+ 0-1

[Event "Copa Latinoamericana de Ajedrez 2011"]
[Site "Montevideo URU"]
[Date "2011.11.04"]
[Round "5.75"]
[White "Montoro, Gustavo E"]
[Black "Dabraccio, Guillermo"]
[Result "1-0"]
[WhiteElo "2027"]
[BlackElo "1729"]
[PlyCount "55"]
[EventDate "2011.11.01"]
[EventType "swiss"]
[EventRounds "9"]
[EventCountry "URU"]
[Source "lmi"]
[SourceDate "2011.11.01"]

1. e4 e6 2. d4 d5 3. e5 c5 4. c3 Nc6 5. Nf3 Qb6 6. a3 Bd7 7. b4 cxd4 8. cxd4
Nge7 9. Be3 Nf5 10. Bd3 Nxe3 11. fxe3 a5 12. b5 Na7 13. a4 Bb4+ 14. Nbd2 O-O
15. Bxh7+ Kh8 16. Bd3 f5 17. exf6 Bxd2+ 18. Qxd2 Rxf6 19. O-O Raf8 20. Qe2 Be8
21. Ne5 Qd8 22. Rxf6 Qxf6 23. Qc2 Qg5 24. Re1 Qe7 25. Rc1 Bh5 26. Bg6 Qg5 27.
Bxh5 Qxh5 28. Ng6+ 1-0

[Event "Copa Latinoamericana de Ajedrez 2011"]
[Site "Montevideo URU"]
[Date "2011.11.04"]
[Round "5.76"]
[White "Hernandez, Rafael"]
[Black "Soto, Nicolas"]
[Result "1/2-1/2"]
[WhiteElo "1827"]
[BlackElo "2022"]
[PlyCount "43"]
[EventDate "2011.11.01"]
[EventType "swiss"]
[EventRounds "9"]
[EventCountry "URU"]
[Source "lmi"]
[SourceDate "2011.11.01"]

1. d4 Nf6 2. Nf3 g6 3. Bg5 Bg7 4. e3 O-O 5. Bd3 d6 6. Nbd2 Nbd7 7. O-O Re8 8.
c3 c6 9. Re1 Qc7 10. h3 e5 11. Qc2 b6 12. Rad1 Bb7 13. dxe5 dxe5 14. e4 Nc5 15.
Bf1 Rad8 16. Be3 Ne6 17. Nc4 Nh5 18. Ng5 Nxg5 19. Bxg5 f6 20. Bc1 Bc8 21. Ne3
Be6 22. b3 1/2-1/2

[Event "Copa Latinoamericana de Ajedrez 2011"]
[Site "Montevideo URU"]
[Date "2011.11.04"]
[Round "5.77"]
[White "Milan, Julio"]
[Black "Ibañez, Rodrigo"]
[Result "0-1"]
[WhiteElo "1682"]
[BlackElo "1978"]
[PlyCount "62"]
[EventDate "2011.11.01"]
[EventType "swiss"]
[EventRounds "9"]
[EventCountry "URU"]
[Source "lmi"]
[SourceDate "2011.11.01"]

1. e4 e5 2. Nf3 d6 3. d4 exd4 4. Nxd4 Nf6 5. Nc3 Be7 6. Be2 O-O 7. O-O Re8 8.
Qd3 Nbd7 9. Qg3 Nc5 10. f3 a5 11. b3 c6 12. Re1 Nh5 13. Qf2 Bf6 14. Rd1 Qe7 15.
Be3 g6 16. Bf1 Bg7 17. Nce2 f5 18. Rab1 fxe4 19. f4 Nf6 20. h3 Nd5 21. Rd2 Bd7
22. Rbd1 b5 23. Nxb5 Nxe3 24. Qxe3 cxb5 25. Rxd6 Rac8 26. Qd2 Bf5 27. Qxa5 e3
28. Qxb5 Bxc2 29. Qc4+ Ne6 30. Qxe6+ Qxe6 31. Rxe6 Bxd1 0-1

[Event "Copa Latinoamericana de Ajedrez 2011"]
[Site "Montevideo URU"]
[Date "2011.11.04"]
[Round "5.78"]
[White "Orguim Da Silva, Joao Carlos"]
[Black "D'Andrea, Leonardo"]
[Result "1/2-1/2"]
[WhiteElo "1932"]
[BlackElo "2125"]
[PlyCount "59"]
[EventDate "2011.11.01"]
[EventType "swiss"]
[EventRounds "9"]
[EventCountry "URU"]
[Source "lmi"]
[SourceDate "2011.11.01"]

1. Nf3 Nf6 2. g3 g6 3. Bg2 Bg7 4. O-O O-O 5. d4 d5 6. Nbd2 Ne4 7. Nxe4 dxe4 8.
Ne5 Nd7 9. Bxe4 Nxe5 10. dxe5 Qxd1 11. Rxd1 Bxe5 12. Bh6 Re8 13. c3 c6 14. Rd2
Be6 15. Be3 Red8 16. Rad1 Rxd2 17. Rxd2 Kf8 18. f4 Bc7 19. b3 Ke8 20. Kf2 a6
21. c4 Rd8 22. Rd3 f5 23. Bf3 h5 24. h4 Bf7 25. Bd4 Be6 26. Be5 Bb6+ 27. Ke1
Rd7 28. Kf1 Bc5 29. Ke1 Bb6 30. Kf1 1/2-1/2

[Event "Copa Latinoamericana de Ajedrez 2011"]
[Site "Montevideo URU"]
[Date "2011.11.04"]
[Round "5.79"]
[White "Meruvia Meruvia, Juan"]
[Black "Avedisian, Alexander"]
[Result "1-0"]
[WhiteElo "1905"]
[BlackElo "1965"]
[PlyCount "30"]
[EventDate "2011.11.01"]
[EventType "swiss"]
[EventRounds "9"]
[EventCountry "URU"]
[Source "lmi"]
[SourceDate "2011.11.01"]

1. d4 Nf6 2. Bg5 g6 3. c4 Bg7 4. Nc3 O-O 5. e4 d6 6. Qd2 c5 7. d5 e6 8. dxe6
Bxe6 9. Rd1 Qa5 10. Bd3 Nc6 11. Nd5 Bxd5 12. Qxa5 Nxa5 13. exd5 Rfe8+ 14. Ne2
Ne4 15. Bc1 b5 1-0

[Event "Copa Latinoamericana de Ajedrez 2011"]
[Site "Montevideo URU"]
[Date "2011.11.04"]
[Round "5.80"]
[White "Bertucci, Santiago"]
[Black "Davila, Mario"]
[Result "1/2-1/2"]
[WhiteElo "1817"]
[BlackElo "1896"]
[PlyCount "42"]
[EventDate "2011.11.01"]
[EventType "swiss"]
[EventRounds "9"]
[EventCountry "URU"]
[Source "lmi"]
[SourceDate "2011.11.01"]

1. e4 e5 2. Nf3 Nc6 3. Bb5 a6 4. Ba4 Nf6 5. O-O b5 6. Bb3 Be7 7. Re1 O-O 8. a4
Rb8 9. c3 d6 10. h3 Na5 11. Bc2 c5 12. d4 Qc7 13. Nbd2 Nc6 14. axb5 axb5 15.
Nf1 cxd4 16. cxd4 exd4 17. Bb3 Qb6 18. Ng3 Ne8 19. Bf4 Bf6 20. Nh5 Be5 21. Bd5
g6 1/2-1/2

[Event "Copa Latinoamericana de Ajedrez 2011"]
[Site "Montevideo URU"]
[Date "2011.11.04"]
[Round "5.81"]
[White "Bidigaray, Marcio"]
[Black "Rodriguez Lazo, Luis"]
[Result "0-1"]
[WhiteElo "1707"]
[BlackElo "1879"]
[PlyCount "84"]
[EventDate "2011.11.01"]
[EventType "swiss"]
[EventRounds "9"]
[EventCountry "URU"]
[Source "lmi"]
[SourceDate "2011.11.01"]

1. e4 c6 2. d4 d5 3. e5 Bf5 4. g4 Bd7 5. Bh3 Qc8 6. Qd3 g6 7. Bg5 Bxg4 8. Nd2
Nh6 9. Qg3 Bxh3 10. Qxh3 Qxh3 11. Nxh3 Nf5 12. c3 Bg7 13. Nf3 h6 14. Bd2 g5 15.
Nhg1 g4 16. Ng5 hxg5 17. Bxg5 f6 18. exf6 Bxf6 19. Bf4 Nd7 20. O-O-O Kf7 21.
Ne2 e5 22. Be3 Rae8 23. Ng3 Nxg3 24. hxg3 Rxh1 25. Rxh1 Rh8 26. Rxh8 Bxh8 27.
Kd2 exd4 28. cxd4 Kg6 29. Kd3 Bg7 30. b4 Bh6 31. a4 Bxe3 32. Kxe3 Kf5 33. a5
Nb8 34. Kd3 Na6 35. Kc3 Ke4 36. f4 gxf3 37. g4 f2 38. g5 f1=Q 39. g6 Qc1+ 40.
Kb3 Kd3 41. g7 Qb1+ 42. Ka4 Qxb4# 0-1

[Event "Copa Latinoamericana de Ajedrez 2011"]
[Site "Montevideo URU"]
[Date "2011.11.04"]
[Round "5.82"]
[White "Duarde Boabaid, Jorge Alberto"]
[Black "Dos Santos, Jonathan"]
[Result "1-0"]
[WhiteElo "1879"]
[BlackElo "1820"]
[PlyCount "47"]
[EventDate "2011.11.01"]
[EventType "swiss"]
[EventRounds "9"]
[EventCountry "URU"]
[Source "lmi"]
[SourceDate "2011.11.01"]

1. e4 c6 2. d4 d5 3. Nc3 dxe4 4. Nxe4 Nd7 5. Qe2 e6 6. Bg5 Ngf6 7. Nf3 Be7 8.
O-O-O Qa5 9. Nxf6+ Nxf6 10. Kb1 O-O 11. Ne5 c5 12. Qf3 cxd4 13. Rxd4 Nd5 14.
Rxd5 exd5 15. Bc1 Be6 16. Bd3 Qa4 17. b3 Qb4 18. Bb2 f6 19. Qh5 f5 20. g4 Bf7
21. Nxf7 Rxf7 22. Bxf5 g6 23. Bxg6 Raf8 24. Bxh7+ 1-0

[Event "Copa Latinoamericana de Ajedrez 2011"]
[Site "Montevideo URU"]
[Date "2011.11.04"]
[Round "5.83"]
[White "Salguero, Rafael"]
[Black "Ottonelo Gandarias, Marcos"]
[Result "1-0"]
[WhiteElo "1855"]
[BlackElo "1749"]
[PlyCount "79"]
[EventDate "2011.11.01"]
[EventType "swiss"]
[EventRounds "9"]
[EventCountry "URU"]
[Source "lmi"]
[SourceDate "2011.11.01"]

1. d4 d5 2. c4 e6 3. Nc3 Nf6 4. cxd5 exd5 5. Bg5 Nbd7 6. Nf3 Be7 7. e3 O-O 8.
Bd3 Re8 9. O-O Nf8 10. Qc2 g6 11. Rab1 Ne6 12. Bh4 Ng7 13. b4 Bf5 14. Rfc1 Bxd3
15. Qxd3 Nf5 16. Bg5 h6 17. Bf4 Nd6 18. Nb5 c6 19. Nxd6 Bxd6 20. Bxh6 Qe7 21.
Bg5 Kg7 22. b5 Rh8 23. bxc6 Bxh2+ 24. Nxh2 Rxh2 25. cxb7 Rah8 26. Kf1 Rh1+ 27.
Ke2 Rxc1 28. Bxf6+ Kxf6 29. Qa6+ Kg7 30. Rxc1 Rb8 31. Rb1 Qc7 32. Kd2 Qh2 33.
Qxa7 Qxg2 34. Qxb8 Qxf2+ 35. Kd3 Qf5+ 36. Ke2 Qc2+ 37. Kf3 Qe4+ 38. Kf2 Qc2+
39. Kg3 Qxb1 40. Qe5+ 1-0

[Event "Copa Latinoamericana de Ajedrez 2011"]
[Site "Montevideo URU"]
[Date "2011.11.04"]
[Round "5.84"]
[White "Garcia, Cristian Javier"]
[Black "Idiarte Borda, Jorge"]
[Result "0-1"]
[WhiteElo "2053"]
[BlackElo "2097"]
[PlyCount "58"]
[EventDate "2011.11.01"]
[EventType "swiss"]
[EventRounds "9"]
[EventCountry "URU"]
[Source "lmi"]
[SourceDate "2011.11.01"]

1. Nf3 d5 2. d4 e6 3. c4 c6 4. Nc3 f5 5. Bg5 Nf6 6. g4 fxg4 7. Ne5 Be7 8. Qc2
Nbd7 9. h4 Nxe5 10. dxe5 Nd7 11. cxd5 exd5 12. Qf5 Nc5 13. Qc2 O-O 14. Rd1 Ne6
15. Bg2 Nxg5 16. hxg5 Bf5 17. e4 Bg6 18. Qb3 Qb6 19. exd5 Qxb3 20. axb3 Bxg5
21. Ne4 Bxe4 22. Bxe4 cxd5 23. Bxd5+ Kh8 24. Bxb7 Rae8 25. Rd4 Rxe5+ 26. Kd1
Rxf2 27. Rc4 Re8 28. Rd4 Rxb2 29. Bd5 g3 0-1

[Event "Copa Latinoamericana de Ajedrez 2011"]
[Site "Montevideo URU"]
[Date "2011.11.04"]
[Round "5.85"]
[White "Cucchi, Nicolas"]
[Black "Lopes da Luz, Paulo"]
[Result "1-0"]
[WhiteElo "2002"]
[BlackElo "1798"]
[PlyCount "57"]
[EventDate "2011.11.01"]
[EventType "swiss"]
[EventRounds "9"]
[EventCountry "URU"]
[Source "lmi"]
[SourceDate "2011.11.01"]

1. d4 d5 2. c4 e6 3. Nc3 Nf6 4. cxd5 exd5 5. Bg5 Be7 6. e3 O-O 7. Qc2 Be6 8.
Bd3 h6 9. Bh4 Nbd7 10. Nf3 c5 11. O-O c4 12. Bf5 a6 13. Bxe6 fxe6 14. e4 Rf7
15. Rad1 Rc8 16. Ne5 Nxe5 17. dxe5 Ng4 18. exd5 exd5 19. Rxd5 Qf8 20. Bxe7 Qxe7
21. Qe2 h5 22. h3 Nh6 23. Qxh5 Rf5 24. Qe2 Rc6 25. Re1 b5 26. e6 b4 27. Rxf5
Nxf5 28. Nd5 Qd6 29. e7 1-0

[Event "Copa Latinoamericana de Ajedrez 2011"]
[Site "Montevideo URU"]
[Date "2011.11.04"]
[Round "5.86"]
[White "Homrich Moritz, Diego"]
[Black "Alsina, Ruben"]
[Result "0-1"]
[WhiteElo "1793"]
[BlackElo "1945"]
[PlyCount "51"]
[EventDate "2011.11.01"]
[EventType "swiss"]
[EventRounds "9"]
[EventCountry "URU"]
[Source "lmi"]
[SourceDate "2011.11.01"]

1. d4 f5 2. c4 Nf6 3. Nc3 d6 4. g3 g6 5. Bg2 Bg7 6. e3 O-O 7. Nge2 c6 8. O-O e5
9. Qc2 Na6 10. a3 Nc7 11. b4 Bd7 12. Bb2 h5 13. h4 Ng4 14. Nd1 f4 15. exf4 exf4
16. f3 fxg3 17. fxg4 Qxh4 18. Nxg3 Qxg3 19. Qxg6 Rxf1+ 20. Kxf1 Rf8+ 21. Kg1
Bxg4 22. d5 Rf1+ 23. Kxf1 Be2+ 24. Kxe2 Qxg6 25. Bxg7 Qxg2+ 26. Nf2 0-1

[Event "Copa Latinoamericana de Ajedrez 2011"]
[Site "Montevideo URU"]
[Date "2011.11.04"]
[Round "5.87"]
[White "Villarreal, Julio"]
[Black "Dominguez, Facundo"]
[Result "0-1"]
[WhiteElo "1942"]
[BlackElo "1786"]
[PlyCount "122"]
[EventDate "2011.11.01"]
[EventType "swiss"]
[EventRounds "9"]
[EventCountry "URU"]
[Source "lmi"]
[SourceDate "2011.11.01"]

1. Nf3 Nc6 2. e4 e5 3. Bc4 Bc5 4. c3 d6 5. b4 Bb6 6. Qb3 Qe7 7. d3 Be6 8. Nbd2
Nf6 9. Bxe6 Qxe6 10. Qxe6+ fxe6 11. Nc4 O-O 12. a4 a6 13. Nxb6 cxb6 14. Be3 b5
15. axb5 axb5 16. O-O d5 17. Bc5 Rfe8 18. Nd2 Ra4 19. Rxa4 bxa4 20. b5 Ne7 21.
Ra1 Nd7 22. Bb4 Nb6 23. c4 dxc4 24. dxc4 Rd8 25. c5 Rd4 26. Bc3 Rd3 27. Rc1 Nd7
28. Bb4 Rd4 29. Rc4 Kf7 30. Kf1 Nf6 31. f3 Nc8 32. Bc3 Rxc4 33. Nxc4 Nd7 34.
Nxe5+ Nxe5 35. Bxe5 Na7 36. b6 Nc6 37. Bb2 Ke7 38. Ke2 Nb4 39. Kd2 Kd7 40. Kc3
Na2+ 41. Kc4 Kc6 42. Bxg7 Nc1 43. Bb2 Ne2 44. Kb4 Nf4 45. Bd4 Nxg2 46. Kxa4 Nh4
47. f4 Nf3 48. Be3 Nxh2 49. Kb4 Ng4 50. Bg1 h5 51. Kc4 h4 52. f5 exf5 53. exf5
h3 54. Kd4 h2 55. Bxh2 Nxh2 56. f6 Nf3+ 57. Ke4 Ng5+ 58. Kf5 Nh7 59. f7 Kxc5
60. Kg6 Nf8+ 61. Kg7 Nd7 0-1

[Event "Copa Latinoamericana de Ajedrez 2011"]
[Site "Montevideo URU"]
[Date "2011.11.04"]
[Round "5.88"]
[White "Chamlian, Aram"]
[Black "Alvarez, Miguel"]
[Result "1-0"]
[WhiteElo "1758"]
[BlackElo "1932"]
[PlyCount "99"]
[EventDate "2011.11.01"]
[EventType "swiss"]
[EventRounds "9"]
[EventCountry "URU"]
[Source "lmi"]
[SourceDate "2011.11.01"]

1. Nf3 Nc6 2. g3 e5 3. e4 f5 4. d4 exd4 5. Nxd4 d6 6. Nxc6 bxc6 7. exf5 Bxf5 8.
Bg2 d5 9. O-O Nf6 10. Bg5 Be7 11. Bxf6 Bxf6 12. Re1+ Kf7 13. c3 Re8 14. Nd2 Rb8
15. Nb3 Rxe1+ 16. Qxe1 Qd6 17. Qe2 Re8 18. Qa6 h5 19. Qxa7 Re2 20. Nd4 Bxd4 21.
Qxd4 Rxb2 22. c4 Qb4 23. Qf4 Rb1+ 24. Rxb1 Qxb1+ 25. Bf1 Kg8 26. Qf3 Bh3 27.
Qd3 Qa1 28. cxd5 Bxf1 29. Qxf1 Qxa2 30. dxc6 Qd5 31. Qc1 Kh8 32. Qc3 Qd1+ 33.
Kg2 Qd5+ 34. Qf3 Qc5 35. Qe4 Qg5 36. Qe6 Kh7 37. Qd7 Qe5 38. f4 Qe2+ 39. Kh3
Qf3 40. Kh4 Qe2 41. Qf5+ Kg8 42. h3 Qe7+ 43. Kxh5 Qe2+ 44. g4 Qf3 45. Qe6+ Kh8
46. Kg6 Qd3+ 47. f5 Qd8 48. Qf7 Qd6+ 49. Qe6 Qd8 50. g5 1-0

[Event "Copa Latinoamericana de Ajedrez 2011"]
[Site "Montevideo URU"]
[Date "2011.11.04"]
[Round "5.89"]
[White "Manzanares, Richard"]
[Black "Dias Ibañez, Jorge Livi"]
[Result "1-0"]
[WhiteElo "1897"]
[BlackElo "1751"]
[PlyCount "103"]
[EventDate "2011.11.01"]
[EventType "swiss"]
[EventRounds "9"]
[EventCountry "URU"]
[Source "lmi"]
[SourceDate "2011.11.01"]

1. d4 d5 2. e4 dxe4 3. Nc3 Nf6 4. Bg5 Nc6 5. Bb5 h6 6. Bxf6 exf6 7. d5 a6 8.
Ba4 Bb4 9. dxc6 O-O 10. Qxd8 Rxd8 11. Nge2 b5 12. Bb3 Bg4 13. h3 Bh5 14. g4 Bg6
15. O-O Bc5 16. Nf4 Bh7 17. Rad1 e3 18. fxe3 Bxe3+ 19. Kh2 Bc5 20. Nd3 Bd6+ 21.
Kg2 Rab8 22. Rfe1 Bg6 23. Ne4 Bf8 24. c3 Re8 25. Nec5 Rxe1 26. Rxe1 Ra8 27. Bd5
f5 28. Nd7 fxg4 29. N3e5 Kh7 30. Nxg6 fxg6 31. Nxf8+ Rxf8 32. hxg4 Rd8 33. Rd1
Re8 34. Bf3 Re7 35. Kf2 Kg8 36. Rd8+ Kf7 37. Rd7 Kf6 38. Rxe7 Kxe7 39. Ke3 Kd6
40. Kd4 h5 41. g5 h4 42. c4 b4 43. c5+ Ke6 44. Be4 h3 45. Bxg6 h2 46. Be4 a5
47. a3 bxa3 48. bxa3 a4 49. g6 Kf6 50. Kd5 h1=Q 51. Bxh1 Kxg6 52. Ke6 1-0

[Event "Copa Latinoamericana de Ajedrez 2011"]
[Site "Montevideo URU"]
[Date "2011.11.04"]
[Round "5.90"]
[White "Ferrari, Carlos"]
[Black "Zoppolo, Cedric"]
[Result "0-1"]
[WhiteElo "1888"]
[BlackElo "1744"]
[PlyCount "84"]
[EventDate "2011.11.01"]
[EventType "swiss"]
[EventRounds "9"]
[EventCountry "URU"]
[Source "lmi"]
[SourceDate "2011.11.01"]

1. f4 Nf6 2. Nf3 d5 3. g3 e6 4. Bg2 Nbd7 5. O-O Bd6 6. Nc3 Nb6 7. h3 Bd7 8. d3
c5 9. Qe1 Bc6 10. Bd2 d4 11. Nd1 Nbd5 12. c3 O-O 13. Rc1 Qb6 14. cxd4 cxd4 15.
a3 a5 16. Kh1 Rfe8 17. Qf2 e5 18. fxe5 Bxe5 19. Nxe5 Rxe5 20. Be4 Rf8 21. Bf3
Rfe8 22. Rc4 Ne3 23. Bxe3 dxe3 24. Qg2 Bd5 25. Rf4 Be6 26. d4 Rg5 27. b4 axb4
28. axb4 Bc8 29. d5 Ree5 30. g4 Qd6 31. h4 Rg6 32. Nb2 Rh5 33. Rc4 Rxh4+ 34.
Kg1 Bd7 35. Rfc1 h5 36. g5 Rxg5 37. Rxh4 Rxg2+ 38. Bxg2 Qg3 39. Rhc4 Ng4 40.
Rxg4 Bxg4 41. Nd3 Bxe2 42. Rc8+ Kh7 0-1

[Event "Copa Latinoamericana de Ajedrez 2011"]
[Site "Montevideo URU"]
[Date "2011.11.04"]
[Round "5.91"]
[White "Zecharies, Alexis"]
[Black "De Leon, Patricia"]
[Result "0-1"]
[WhiteElo "1697"]
[BlackElo "1800"]
[PlyCount "68"]
[EventDate "2011.11.01"]
[EventType "swiss"]
[EventRounds "9"]
[EventCountry "URU"]
[Source "lmi"]
[SourceDate "2011.11.01"]

1. c4 e5 2. Nc3 Nc6 3. g3 g6 4. Bg2 Bg7 5. e3 d6 6. Nge2 f5 7. Rb1 Be6 8. d3
Nf6 9. b4 Rb8 10. b5 Ne7 11. a4 b6 12. a5 O-O 13. f4 Bf7 14. Ra1 exf4 15. axb6
axb6 16. exf4 d5 17. Qb3 dxc4 18. dxc4 Qd3 19. Ra4 Nd7 20. O-O Nc5 21. Rd1 Nxb3
22. Rxd3 Nc5 23. Rd2 Nxa4 24. Nxa4 Bxc4 25. Nac3 Rfd8 26. Rc2 Rd7 27. Ba3 Re8
28. h3 Nd5 29. g4 Nxc3 30. Nxc3 Bxc3 31. Rxc3 Bxb5 32. gxf5 gxf5 33. Rg3+ Kf7
34. Bb2 Rg8 0-1

[Event "Copa Latinoamericana de Ajedrez 2011"]
[Site "Montevideo URU"]
[Date "2011.11.04"]
[Round "5.92"]
[White "Visillac, Alejandro"]
[Black "Belbey, Juan"]
[Result "1-0"]
[WhiteElo "1775"]
[BlackElo "1672"]
[PlyCount "41"]
[EventDate "2011.11.01"]
[EventType "swiss"]
[EventRounds "9"]
[EventCountry "URU"]
[Source "lmi"]
[SourceDate "2011.11.01"]

1. e4 c5 2. Nf3 e6 3. d3 d5 4. Nbd2 Nc6 5. g3 Bd6 6. Bg2 Nge7 7. O-O f6 8. Re1
dxe4 9. Nxe4 e5 10. Be3 Nd4 11. c3 Ne6 12. d4 exd4 13. cxd4 cxd4 14. Nxd6+ Qxd6
15. Nxd4 Nxd4 16. Qxd4 Qxd4 17. Bxd4 Kf7 18. Rac1 Rd8 19. Rc7 Be6 20. Bc5 Rd7
21. Rxd7 1-0

[Event "Copa Latinoamericana de Ajedrez 2011"]
[Site "Montevideo URU"]
[Date "2011.11.04"]
[Round "5.93"]
[White "Lopez Durand, Cesar"]
[Black "De Leon, Veronica"]
[Result "1-0"]
[WhiteElo "1758"]
[BlackElo "1639"]
[PlyCount "77"]
[EventDate "2011.11.01"]
[EventType "swiss"]
[EventRounds "9"]
[EventCountry "URU"]
[Source "lmi"]
[SourceDate "2011.11.01"]

1. d4 d5 2. Nf3 e6 3. Bf4 Bd6 4. Bg3 f5 5. e3 Nf6 6. Nbd2 O-O 7. c3 Ne4 8. Bh4
Qe8 9. Be2 Be7 10. Bg3 c6 11. Ne5 Nd7 12. Bh5 Qd8 13. h4 Ndf6 14. Bf3 Nxg3 15.
fxg3 Ne4 16. Nxe4 fxe4 17. Bg4 Bd7 18. Rf1 Qc7 19. Bh3 Rxf1+ 20. Kxf1 Rf8+ 21.
Kg1 Bd6 22. Nxd7 Qxd7 23. Qg4 Re8 24. Rf1 Qc7 25. Kh2 Qe7 26. h5 h6 27. Qg6 Bc7
28. Rf6 Qxf6 29. Qxe8+ Kh7 30. Bxe6 Bxg3+ 31. Kxg3 Qg5+ 32. Kh2 Qh4+ 33. Bh3
Qf2 34. Qg6+ Kh8 35. Qg3 Qf7 36. Qg4 Kh7 37. Qf5+ Kg8 38. Qc8+ Kh7 39. Bf5+ 1-0

[Event "Copa Latinoamericana de Ajedrez 2011"]
[Site "Montevideo URU"]
[Date "2011.11.04"]
[Round "5.94"]
[White "Gatti, Santiago"]
[Black "Rijo, Pedro"]
[Result "1-0"]
[WhiteElo "1687"]
[BlackElo "1585"]
[PlyCount "49"]
[EventDate "2011.11.01"]
[EventType "swiss"]
[EventRounds "9"]
[EventCountry "URU"]
[Source "lmi"]
[SourceDate "2011.11.01"]

1. d4 d5 2. Nf3 Bf5 3. Bf4 Nf6 4. e3 e6 5. Bd3 Bxd3 6. Qxd3 Bd6 7. Bg3 Nc6 8.
c3 Bxg3 9. hxg3 h6 10. Nbd2 Qd7 11. O-O-O Ng4 12. Qe2 a6 13. Ng5 Nf6 14. e4
dxe4 15. Ngxe4 Nxe4 16. Nxe4 O-O-O 17. Nc5 Qd5 18. Kb1 Na5 19. Rh5 g5 20. f4 f6
21. Qxe6+ Qxe6 22. Nxe6 Nc4 23. Nxd8 Rxd8 24. Re1 Rh8 25. Re6 1-0

[Event "Copa Latinoamericana de Ajedrez 2011"]
[Site "Montevideo URU"]
[Date "2011.11.04"]
[Round "5.94"]
[White "Tramutolo, Gustavo"]
[Black "Ortiz, Soledad"]
[Result "1-0"]
[WhiteElo "1636"]
[BlackElo "1723"]
[PlyCount "57"]
[EventDate "2011.11.01"]
[EventType "swiss"]
[EventRounds "9"]
[EventCountry "URU"]
[Source "lmi"]
[SourceDate "2011.11.01"]

1. e4 c5 2. Nf3 d6 3. d4 cxd4 4. Nxd4 Nf6 5. Nc3 a6 6. Bc4 e6 7. Bg5 Be7 8. O-O
O-O 9. Re1 Qc7 10. Bd3 Nbd7 11. Rc1 b5 12. Re3 Bb7 13. Rh3 b4 14. Bxf6 Nxf6 15.
e5 dxe5 16. Bxh7+ Nxh7 17. Qh5 f5 18. Nxe6 Qc6 19. Qxh7+ Kf7 20. Qxf5+ Ke8 21.
Nxg7+ Kd8 22. Rd1+ Kc7 23. Qxe5+ Kc8 24. Nd5 Bc5 25. Nf5 Bxf2+ 26. Kxf2 Qxc2+
27. Ke1 Bxd5 28. Qxd5 Re8+ 29. Ne3 1-0

[Event "Copa Latinoamericana de Ajedrez 2011"]
[Site "Montevideo URU"]
[Date "2011.11.04"]
[Round "5.96"]
[White "Solari, Pablo"]
[Black "Pintos, Luis"]
[Result "1-0"]
[WhiteElo "1663"]
[BlackElo "1567"]
[PlyCount "69"]
[EventDate "2011.11.01"]
[EventType "swiss"]
[EventRounds "9"]
[EventCountry "URU"]
[Source "lmi"]
[SourceDate "2011.11.01"]

1. b4 e6 2. Bb2 d6 3. e3 Nf6 4. c4 Be7 5. Nf3 O-O 6. d4 d5 7. Qb3 a6 8. Bd3
dxc4 9. Bxc4 Nc6 10. a3 b6 11. O-O b5 12. Bd3 Bb7 13. Nbd2 Bd6 14. Rfd1 Ne7 15.
Rac1 Ng6 16. Qc2 Nd7 17. e4 Rc8 18. e5 Be7 19. Be4 c6 20. Nb3 Nb8 21. Nc5 Bxc5
22. dxc5 Qe7 23. Rd6 Rfe8 24. Rcd1 Nf8 25. Bc1 h6 26. Nd4 Nfd7 27. f4 Nf8 28.
a4 Qc7 29. f5 exf5 30. Bxf5 Rxe5 31. Bxc8 Qxc8 32. Nf3 Qf5 33. Qxf5 Rxf5 34.
Rd8 Nbd7 35. R1xd7 1-0

[Event "Copa Latinoamericana de Ajedrez 2011"]
[Site "Montevideo URU"]
[Date "2011.11.04"]
[Round "5.97"]
[White "Izquierdo, Martin"]
[Black "Tacoronte, Daniel"]
[Result "0-1"]
[WhiteElo "1438"]
[BlackElo "2187"]
[PlyCount "38"]
[EventDate "2011.11.01"]
[EventType "swiss"]
[EventRounds "9"]
[EventCountry "URU"]
[Source "lmi"]
[SourceDate "2011.11.01"]

1. e4 c5 2. Nf3 d6 3. Bc4 Nf6 4. d3 g6 5. O-O Bg7 6. Bg5 O-O 7. Nc3 Nc6 8. a3
Bd7 9. Qd2 a6 10. Ne2 b5 11. Ba2 Qb6 12. Bh6 Rac8 13. Bxg7 Kxg7 14. Ng3 Bg4 15.
Qe2 Nd4 16. Qd1 Nd7 17. h3 Nxf3+ 18. Kh1 Nh2 19. Qxg4 Nxg4 0-1